Tevye's daughters. (Record no. 527556)

000 -LEADER
fixed length control field 00899cam a22002771 4500
001 - CONTROL NUMBER
control field 8460218
003 - CONTROL NUMBER IDENTIFIER
control field NUST
005 - DATE AND TIME OF LATEST TRANSACTION
control field 20190730102817.0
008 - FIXED-LENGTH DATA ELEMENTS--GENERAL INFORMATION
fixed length control field 720725t19651949nyua 000 1 eng
010 ## - LIBRARY OF CONGRESS CONTROL NUMBER
LC control number 65007747
035 ## - SYSTEM CONTROL NUMBER
System control number (OCoLC)364524
038 ## - RECORD CONTENT LICENSOR
Staff Name Muhammad Ibrahim
040 ## - CATALOGING SOURCE
Original cataloging agency DLC
Transcribing agency OFiC
Modifying agency OCoLC
-- DLC
-- WaU
041 1# - LANGUAGE CODE
Language code of text/sound track or separate title eng
Language code of original yid
050 00 - LIBRARY OF CONGRESS CALL NUMBER
Classification number PZ3.R113
Item number Te7
082 ## - DEWEY DECIMAL CLASSIFICATION NUMBER
Classification number 892.493
Author Mark TEV 1949
100 0# - MAIN ENTRY--PERSONAL NAME
Personal name Sholem Aleichem,
Dates associated with a name 1859-1916.
9 (RLIN) 18883
245 10 - TITLE STATEMENT
Title Tevye's daughters.
Statement of responsibility, etc. Translated by Frances Butwin. With illus. by Ben Shahn.
250 ## - EDITION STATEMENT
Edition statement De luxe illustrated ed.
260 ## - PUBLICATION, DISTRIBUTION, ETC.
Place of publication, distribution, etc. New York,
Name of publisher, distributor, etc. Crown Publishers
Date of publication, distribution, etc. [1949]
300 ## - PHYSICAL DESCRIPTION
Extent xvii, 302 p.
Other physical details illus.
Dimensions 22 cm.
490 0# - SERIES STATEMENT
Series statement Collected stories of Sholom Aleichem
650 #0 - SUBJECT ADDED ENTRY--TOPICAL TERM
Topical term or geographic name entry element Ṭeṿye (Fictitious character : Sholem Aleichem)
Form subdivision Fiction.
9 (RLIN) 18884
906 ## - LOCAL DATA ELEMENT F, LDF (RLIN)
a 7
b cbc
c oclcrpl
d u
e ncip
f 19
g y-gencatlg
942 ## - ADDED ENTRY ELEMENTS (KOHA)
Source of classification or shelving scheme
Koha item type Book
Holdings
Withdrawn status Lost status Source of classification or shelving scheme Damaged status Not for loan Permanent Location Current Location Shelving location Date acquired Total Checkouts Full call number Barcode Date last seen Price effective from Koha item type
          Centre for International Peace & Stability (CIPS) Centre for International Peace & Stability (CIPS) General Stacks 07/30/2019   892.493 TEV 1949 CIPSD0000532 07/30/2019 07/30/2019 Book
© 2023 Central Library, National University of Sciences and Technology. All Rights Reserved.